• 首页
  • 本馆介绍
  • 公告通知
  • 最新文献
  • 馆藏检索
  • 电子资源
  • 读者导购
  • 参考咨询
  • 我的图书馆
  • 登录
  • 详细信息显示
  • 放入我的书架
  • 预约/预借图书
  • 作者相关作品
  • 分类相关作品
  • 丛书相关作品
  • 出版社相关作品

书目信息

  • 表格格式
  • 工作单格式
  • 卡片格式
题名:
蒋介石的外国高级参谋长——史迪威
    
 
作者: ;姚凡立 译 ;美国麦克米伦出版公司 编
分册:  
出版信息: 哈尔滨   黑龙江人民出版社  1988
页数: 772页
开本: 19cm
丛书名:
单 册:
中图分类: K837.127.5 , K837.125.2 , K837.12
科图分类:
主题词:
电子资源:
ISBN: 7-207-00721-3
000 00786nam0 2200241 450
001 1548188247
005 20150126132500.46
010    @a7-207-00721-3@dCNY5.90
100    @a20021017d1988 em y0chiy0110 ea
101 1  @achi@ceng
102    @aCN@b230000
105    @af z 000yb
200 1  @a蒋介石的外国高级参谋长——史迪威@9jiang jie shi de wai guo gao ji can mou zhang—— shi di wei@f(美)麦克米伦出版公司编@g姚凡立等译
210    @a哈尔滨@c黑龙江人民出版社@d1988
215    @a772页@c照片@d19cm
600  1 @a史迪威@x传记
690    @aK837.127.5@v5
690    @aK837.125.2@v5
690    @aK837.12@v4
702  0 @a姚凡立@9yao fan li@4译
711 02 @a美国麦克米伦出版公司@9mei guo mai ke mi lun chu ban gong si@4编
801  0 @aCN@bTSSF@c20150126
905    @aZUCC@dK837.12@eJY1
    
    蒋介石的外国高级参谋长——史迪威/(美)麦克米伦出版公司编/姚凡立等译.-哈尔滨:黑龙江人民出版社,1988
    772页:照片;19cm
    
    
    ISBN 7-207-00721-3:CNY5.90
    
●
相关链接 在E读中查询图书 在五车中查询图书 在当当中查询图书 在豆瓣中查询图书


正题名:蒋介石的外国高级参谋长——史迪威     索取号:K837.12/JY1         预约/预借

序号 登录号 条形码 馆藏地/架位号 状态 备注
1 7838925   278389254   学院路分馆/ [索取号:K837.12/JY1] 在馆    
2 7838926   278389263   学院路分馆/ [索取号:K837.12/JY1] 在馆    
唐山师范学院图书馆 欢迎您!
大连网信软件有限公司© 版权所有